[Event "43. Olimpiada Batumi 2018 Femenina"]
[Site "Batumi GEO"]
[Date "2018.09.30"]
[Round "6.1"]
[White "Matras-Clement, Agnieszka"]
[Black "Tokhirjonova, Gulrukhbegim"]
[Result "0-1"]
[WhiteElo "2225"]
[BlackElo "2369"]
[PlyCount "96"]
[EventDate "2018.09.24"]
[EventType "team-swiss"]
[EventRounds "11"]
[EventCountry "GEO"]
[SourceTitle "Ajedrez en Madrid"]
[Source "lmi"]
[SourceDate "2018.09.24"]
[WhiteTeam "Canada"]
[BlackTeam "Uzbekistan"]
[WhiteTeamCountry "CAN"]
[BlackTeamCountry "UZB"]

1. e4 e5 2. Nf3 Nc6 3. Bc4 Bc5 4. c3 Nf6 5. d3 a6 6. Bb3 Ba7 7. h3 d6 8. Nbd2
O-O 9. Nf1 d5 10. Qe2 d4 11. Ng3 Be6 12. Bc2 Qd6 13. O-O b5 14. Bg5 Nd7 15. Nh4
Ne7 16. Nhf5 Nxf5 17. exf5 Bd5 18. Ne4 Bxe4 19. Qxe4 h6 20. Bh4 Rfe8 21. Rfe1
Rab8 22. Kh1 dxc3 23. bxc3 b4 24. d4 bxc3 25. f6 g6 26. Bb3 Rxb3 27. axb3 Bxd4
28. Qd3 Nc5 29. Qc4 Qe6 30. Qe2 Qxb3 31. Rac1 Qb5 32. Rcd1 Qxe2 33. Rxe2 Re6
34. f3 g5 35. Bf2 Nb3 36. Rb1 Bxf2 37. Rxb3 Bd4 38. Ra2 Rc6 39. Rc2 Rxf6 40.
Kh2 Rb6 41. Ra3 f5 42. g3 Kf7 43. Kg2 Ke6 44. Kf1 Kd5 45. Ke2 e4 46. Ra5+ c5
47. fxe4+ Kxe4 48. Raa2 f4 0-1

[Event "43. Olimpiada Batumi 2018 Femenina"]
[Site "Batumi GEO"]
[Date "2018.09.30"]
[Round "6.2"]
[White "Kurbonboeva, Sarvinoz"]
[Black "Zhou, Qiyu"]
[Result "1/2-1/2"]
[WhiteElo "2202"]
[BlackElo "2207"]
[PlyCount "103"]
[EventDate "2018.09.24"]
[EventType "team-swiss"]
[EventRounds "11"]
[EventCountry "GEO"]
[SourceTitle "Ajedrez en Madrid"]
[Source "lmi"]
[SourceDate "2018.09.24"]
[WhiteTeam "Uzbekistan"]
[BlackTeam "Canada"]
[WhiteTeamCountry "UZB"]
[BlackTeamCountry "CAN"]

1. d4 Nf6 2. Nf3 e6 3. g3 d5 4. Bg2 Be7 5. O-O O-O 6. c4 c6 7. Qc2 b6 8. Nbd2
Bb7 9. e4 c5 10. e5 Ne8 11. Rd1 Nd7 12. b3 Rc8 13. Bb2 Nc7 14. Rac1 b5 15. Qd3
Ba6 16. cxb5 Nxb5 17. Qe3 Qb6 18. Bf1 Rc6 19. a4 Nc7 20. dxc5 Bxc5 21. Bd4 Bxf1
22. Kxf1 Na6 23. Bxc5 Rxc5 24. Nd4 Rfc8 25. N2f3 Nb4 26. Kg2 h6 27. Rxc5 Qxc5
28. Qd2 a6 29. Ne2 Qb6 30. Qf4 Nc5 31. Nfd4 Ne4 32. Qe3 Na2 33. Ra1 Nb4 34. Rd1
Na2 35. Ra1 Nb4 36. Rd1 Rc7 37. f3 Nc5 38. Rc1 Ncd3 39. Rd1 Nc5 40. Rc1 Nd7 41.
f4 Rxc1 42. Qxc1 Qc5 43. Kf3 Kf8 44. Qxc5+ Nxc5 45. Ke3 Ke7 46. Kd2 Ne4+ 47.
Ke3 f6 48. Nf3 Nc2+ 49. Kd3 Nb4+ 50. Ke3 Nc2+ 51. Kd3 Nb4+ 52. Ke3 1/2-1/2

[Event "43. Olimpiada Batumi 2018 Femenina"]
[Site "Batumi GEO"]
[Date "2018.09.30"]
[Round "6.3"]
[White "Ouellet, Maili-Jade"]
[Black "Gevorgyan, Irina"]
[Result "1/2-1/2"]
[WhiteElo "2144"]
[BlackElo "2265"]
[PlyCount "107"]
[EventDate "2018.09.24"]
[EventType "team-swiss"]
[EventRounds "11"]
[EventCountry "GEO"]
[SourceTitle "Ajedrez en Madrid"]
[Source "lmi"]
[SourceDate "2018.09.24"]
[WhiteTeam "Canada"]
[BlackTeam "Uzbekistan"]
[WhiteTeamCountry "CAN"]
[BlackTeamCountry "UZB"]

1. d4 d5 2. c4 c6 3. Nf3 Nf6 4. Nc3 e6 5. Bg5 h6 6. Bxf6 Qxf6 7. e3 Nd7 8. Bd3
g6 9. O-O dxc4 10. Bxc4 Bg7 11. Rc1 O-O 12. e4 e5 13. d5 Nb6 14. dxc6 bxc6 15.
Be2 Bg4 16. Qc2 Bxf3 17. Bxf3 h5 18. Na4 Rac8 19. Nc5 Rfd8 20. Rcd1 Rxd1 21.
Rxd1 Rd8 22. Rxd8+ Qxd8 23. Nb3 Qc7 24. Be2 Bf8 25. Bb5 c5 26. Nd2 Bh6 27. Qd3
Bxd2 28. Qxd2 Kf8 29. a4 a6 30. Bxa6 Nxa4 31. Bb5 Nb6 32. b3 Nc8 33. Bc4 Qd6
34. Qxd6+ Nxd6 35. Bd5 h4 36. Kf1 Ke7 37. Ke2 f5 38. exf5 Nxf5 39. Kf3 Kf6 40.
Kg4 g5 41. g3 hxg3 42. hxg3 Nd4 43. f4 gxf4 44. gxf4 Ne2 45. fxe5+ Kxe5 46. Bf7
Nc1 47. Kf3 Kd4 48. Kf2 Kc3 49. Ke3 Nxb3 50. Bg8 Nd4 51. Bd5 Nf5+ 52. Ke4 Ne7
53. Be6 c4 54. Bxc4 1/2-1/2

[Event "43. Olimpiada Batumi 2018 Femenina"]
[Site "Batumi GEO"]
[Date "2018.09.30"]
[Round "6.4"]
[White "Baymuratova, Sevara"]
[Black "Demchenko, Svitlana"]
[Result "1/2-1/2"]
[WhiteElo "2124"]
[BlackElo "2134"]
[PlyCount "119"]
[EventDate "2018.09.24"]
[EventType "team-swiss"]
[EventRounds "11"]
[EventCountry "GEO"]
[SourceTitle "Ajedrez en Madrid"]
[Source "lmi"]
[SourceDate "2018.09.24"]
[WhiteTeam "Uzbekistan"]
[BlackTeam "Canada"]
[WhiteTeamCountry "UZB"]
[BlackTeamCountry "CAN"]

1. d4 Nf6 2. c4 g6 3. Nc3 Bg7 4. e4 d6 5. Be2 O-O 6. Nf3 e5 7. O-O Nc6 8. d5
Ne7 9. b4 Nh5 10. g3 f5 11. Ng5 Nf6 12. Bf3 Kh8 13. Ba3 Ne8 14. Ne6 Bxe6 15.
dxe6 Qc8 16. Nd5 Qxe6 17. Nxe7 Qxe7 18. exf5 e4 19. Bg2 gxf5 20. Rb1 Nf6 21.
Rb3 Qe6 22. Qc2 c6 23. b5 Rf7 24. bxc6 bxc6 25. Rfb1 h6 26. Rb7 Rxb7 27. Rxb7
e3 28. Qe2 exf2+ 29. Qxf2 Ng4 30. Qd2 Re8 31. Rb1 Qxc4 32. Bf3 Qd4+ 33. Qxd4
Bxd4+ 34. Kg2 c5 35. Rb7 Re3 36. Rxa7 Nxh2 37. Bh5 Ng4 38. Bc1 Re2+ 39. Kf1 Rh2
40. Bxg4 fxg4 41. Bf4 c4 42. Ra8+ Kg7 43. Bxd6 Bf6 44. Bf4 c3 45. a4 Kg6 46. a5
Rh1+ 47. Ke2 c2 48. Rc8 Ra1 49. Bd2 Bg5 50. Rc6+ Kf5 51. Rc5+ Ke4 52. Bxg5 hxg5
53. Rxc2 Rxa5 54. Rc4+ Kf5 55. Rb4 Ra2+ 56. Kf1 Rd2 57. Ra4 Rd5 58. Kf2 Re5 59.
Rb4 Re4 60. Rb5+ 1/2-1/2

[Event "43. Olimpiada Batumi 2018 Femenina"]
[Site "Batumi GEO"]
[Date "2018.09.30"]
[Round "6.1"]
[White "Olsarova, Karolina"]
[Black "Khademalsharieh, Sarasadat"]
[Result "0-1"]
[WhiteElo "2303"]
[BlackElo "2431"]
[PlyCount "76"]
[EventDate "2018.09.24"]
[EventType "team-swiss"]
[EventRounds "11"]
[EventCountry "GEO"]
[SourceTitle "Ajedrez en Madrid"]
[Source "lmi"]
[SourceDate "2018.09.24"]
[WhiteTeam "Czech Republic"]
[BlackTeam "Iran"]
[WhiteTeamCountry "CZE"]
[BlackTeamCountry "IRI"]

1. e4 e5 2. Nf3 Nc6 3. Bb5 g6 4. d4 exd4 5. Bg5 Be7 6. Bxe7 Qxe7 7. Bxc6 dxc6
8. Qxd4 Nf6 9. Nc3 Bg4 10. Nd2 c5 11. Qe3 O-O-O 12. h3 Bd7 13. O-O-O Bc6 14.
Rhe1 Rhe8 15. f3 b6 16. Nc4 Qe6 17. Rxd8+ Rxd8 18. Qe2 Kb7 19. g4 h5 20. g5 Nd7
21. h4 Ne5 22. Nd2 Qh3 23. f4 Ng4 24. Rg1 Qxh4 25. Nf3 Qf2 26. Qxf2 Nxf2 27.
Ne5 Rf8 28. Re1 Ng4 29. Nxg4 hxg4 30. Rg1 Re8 31. e5 Rh8 32. Rxg4 Rh1+ 33. Kd2
Rh2+ 34. Kc1 Bd7 35. Rg1 Bf5 36. Kb1 Rxc2 37. Ka1 Rf2 38. Nd5 Be6 0-1

[Event "43. Olimpiada Batumi 2018 Femenina"]
[Site "Batumi GEO"]
[Date "2018.09.30"]
[Round "6.2"]
[White "Hejazipour, Mitra"]
[Black "Worek, Joanna"]
[Result "1/2-1/2"]
[WhiteElo "2254"]
[BlackElo "2295"]
[PlyCount "103"]
[EventDate "2018.09.24"]
[EventType "team-swiss"]
[EventRounds "11"]
[EventCountry "GEO"]
[SourceTitle "Ajedrez en Madrid"]
[Source "lmi"]
[SourceDate "2018.09.24"]
[WhiteTeam "Iran"]
[BlackTeam "Czech Republic"]
[WhiteTeamCountry "IRI"]
[BlackTeamCountry "CZE"]

1. d4 Nf6 2. Nf3 e6 3. c4 Bb4+ 4. Nbd2 a5 5. g3 b6 6. Bg2 Bb7 7. O-O O-O 8. Qc2
d5 9. cxd5 exd5 10. Ne5 Re8 11. Ndf3 h6 12. Bf4 Bf8 13. Be3 Bd6 14. Nd3 Na6 15.
Bf4 Bf8 16. b3 c5 17. dxc5 bxc5 18. Rac1 Nb4 19. Qb2 Qb6 20. Nfe5 Rad8 21. Rfd1
Ba6 22. Bf3 Nxd3 23. Nxd3 d4 24. Bd2 Ne4 25. Qc2 a4 26. Be1 axb3 27. axb3 Ng5
28. Bg2 Rc8 29. Qa2 Bb5 30. h4 Ne4 31. Rc2 Nf6 32. Qa5 Qxa5 33. Bxa5 c4 34. Nc1
cxb3 35. Rxc8 b2 36. Nd3 Rxc8 37. Nxb2 Bxe2 38. Rxd4 Rc1+ 39. Kh2 Ng4+ 40. Kh3
Nxf2+ 41. Kh2 Bc5 42. Rd2 Bb5 43. Bf3 f5 44. Nd1 Ng4+ 45. Kg2 Ne3+ 46. Nxe3
Bxe3 47. Bd5+ Kh7 48. Rb2 Ba6 49. Bb6 Bxb6 50. Rxb6 Rc2+ 51. Kf3 Bf1 52. Bf7
1/2-1/2

[Event "43. Olimpiada Batumi 2018 Femenina"]
[Site "Batumi GEO"]
[Date "2018.09.30"]
[Round "6.3"]
[White "Novosadova, Kristyna"]
[Black "Alinasab, Mobina"]
[Result "0-1"]
[WhiteElo "2231"]
[BlackElo "2261"]
[PlyCount "60"]
[EventDate "2018.09.24"]
[EventType "team-swiss"]
[EventRounds "11"]
[EventCountry "GEO"]
[SourceTitle "Ajedrez en Madrid"]
[Source "lmi"]
[SourceDate "2018.09.24"]
[WhiteTeam "Czech Republic"]
[BlackTeam "Iran"]
[WhiteTeamCountry "CZE"]
[BlackTeamCountry "IRI"]

1. e4 e6 2. d4 d5 3. Nc3 Nf6 4. e5 Nfd7 5. Nce2 c5 6. f4 Nc6 7. Nf3 Be7 8. g3
O-O 9. Bh3 b5 10. a3 a5 11. O-O Rb8 12. Kh1 b4 13. axb4 axb4 14. Be3 Bb7 15. g4
Ra8 16. Rxa8 Bxa8 17. Qe1 Qa5 18. g5 Qa4 19. f5 cxd4 20. Nexd4 Ndxe5 21. Nxe5
Nxe5 22. f6 Bc5 23. fxg7 Re8 24. Qf2 Qa7 25. Bxe6 fxe6 26. g6 Nxg6 27. h4 Qxg7
28. h5 Rf8 29. Nxe6 Rxf2 30. Bxf2 d4+ 0-1

[Event "43. Olimpiada Batumi 2018 Femenina"]
[Site "Batumi GEO"]
[Date "2018.09.30"]
[Round "6.4"]
[White "Asadi, Motahare"]
[Black "Sikorova, Olga"]
[Result "1/2-1/2"]
[WhiteElo "2135"]
[BlackElo "2276"]
[PlyCount "107"]
[EventDate "2018.09.24"]
[EventType "team-swiss"]
[EventRounds "11"]
[EventCountry "GEO"]
[SourceTitle "Ajedrez en Madrid"]
[Source "lmi"]
[SourceDate "2018.09.24"]
[WhiteTeam "Iran"]
[BlackTeam "Czech Republic"]
[WhiteTeamCountry "IRI"]
[BlackTeamCountry "CZE"]

1. e4 e6 2. d4 d5 3. Nc3 Bb4 4. Nge2 dxe4 5. a3 Be7 6. Nxe4 Nf6 7. N2g3 Nbd7 8.
Bd3 O-O 9. O-O b6 10. Qe2 Bb7 11. Ng5 Re8 12. f4 Nf8 13. Be3 Nd5 14. Be4 Nxe3
15. Qxe3 Bxe4 16. N3xe4 c5 17. dxc5 bxc5 18. Nf3 Qb6 19. b3 c4 20. Qxb6 axb6
21. a4 f5 22. Ned2 cxb3 23. cxb3 Ng6 24. g3 Rab8 25. Kg2 Bb4 26. Nc4 b5 27.
axb5 Rxb5 28. Nd4 Rd5 29. Nc6 Bc3 30. Rac1 Bf6 31. b4 Ne7 32. N4a5 Rb5 33. Rfe1
Nxc6 34. Nxc6 Kf7 35. Kf3 g5 36. Red1 e5 37. fxe5 Bxe5 38. Rd7+ Kf6 39. Rxh7
g4+ 40. Kf2 Ra8 41. Rc2 Ra3 42. Rh6+ Kg5 43. Re6 Bg7 44. Rd2 Bf8 45. Rb2 Bg7
46. Rd2 Bf8 47. Rd4 Ra2+ 48. Re2 Ra6 49. Rc2 Rbb6 50. Rdc4 Bd6 51. Ke3 Ra3+ 52.
Kd4 Kf6 53. Rb2 Rb5 54. Rc1 1/2-1/2

[Event "43. Olimpiada Batumi 2018 Femenina"]
[Site "Batumi GEO"]
[Date "2018.09.30"]
[Round "6.1"]
[White "Munguntuul, Batkhuyag"]
[Black "Bulmaga, Irina"]
[Result "1-0"]
[WhiteElo "2422"]
[BlackElo "2394"]
[PlyCount "85"]
[EventDate "2018.09.24"]
[EventType "team-swiss"]
[EventRounds "11"]
[EventCountry "GEO"]
[SourceTitle "Ajedrez en Madrid"]
[Source "lmi"]
[SourceDate "2018.09.24"]
[WhiteTeam "Mongolia"]
[BlackTeam "Romania"]
[WhiteTeamCountry "MGL"]
[BlackTeamCountry "ROU"]

1. e4 e5 2. Nf3 Nc6 3. Bb5 a6 4. Ba4 Nf6 5. Qe2 b5 6. Bb3 Be7 7. O-O O-O 8. c3
d5 9. d3 Bb7 10. Nbd2 Re8 11. a3 h6 12. Re1 Qd7 13. Ba2 Rad8 14. exd5 Nxd5 15.
Ne4 Nf6 16. Rd1 Nxe4 17. Qxe4 Bf6 18. Be3 Ba8 19. Ne1 Ne7 20. Qb4 Nd5 21. Qb3
Nxe3 22. fxe3 c5 23. e4 c4 24. dxc4 Qa7+ 25. Kh1 Bxe4 26. cxb5 Bh4 27. bxa6 Qf2
28. Nf3 Rxd1+ 29. Qxd1 Rd8 30. Qf1 Bxf3 31. Qxf2 Bxf2 32. gxf3 Kf8 33. Bc4 f5
34. Rf1 Ba7 35. Re1 g5 36. Rxe5 Rd1+ 37. Kg2 Rg1+ 38. Kh3 h5 39. Rxf5+ Ke8 40.
Bf7+ Kd8 41. Bxh5 Kc7 42. c4 Bd4 43. Rf7+ 1-0

[Event "43. Olimpiada Batumi 2018 Femenina"]
[Site "Batumi GEO"]
[Date "2018.09.30"]
[Round "6.2"]
[White "Peptan, Corina-Isabela"]
[Black "Nomin-Erdene, Davaademberel"]
[Result "1/2-1/2"]
[WhiteElo "2374"]
[BlackElo "2377"]
[PlyCount "137"]
[EventDate "2018.09.24"]
[EventType "team-swiss"]
[EventRounds "11"]
[EventCountry "GEO"]
[SourceTitle "Ajedrez en Madrid"]
[Source "lmi"]
[SourceDate "2018.09.24"]
[WhiteTeam "Romania"]
[BlackTeam "Mongolia"]
[WhiteTeamCountry "ROU"]
[BlackTeamCountry "MGL"]

1. Nf3 d5 2. d4 Nf6 3. c4 c6 4. e3 e6 5. Nc3 Nbd7 6. Bd3 dxc4 7. Bxc4 b5 8. Bd3
a6 9. a4 b4 10. Ne4 c5 11. O-O Bb7 12. Ned2 Be7 13. Qe2 Qc7 14. e4 cxd4 15. e5
Nd5 16. Nb3 Nc5 17. Nxc5 Bxc5 18. Ng5 Be7 19. Bd2 h6 20. Rfc1 Qb8 21. Nf3 Qa7
22. Rc4 Bc5 23. a5 Rc8 24. Rac1 Kd7 25. Qd1 Rc7 26. Ne1 Rhc8 27. Bf1 Be7 28.
Rxc7+ Rxc7 29. Rxc7+ Nxc7 30. Bxb4 Nd5 31. Bxe7 Kxe7 32. Nf3 Qc5 33. Qd2 Qc7
34. h3 Ke8 35. Be2 Ke7 36. Kh2 Ke8 37. Bd1 f6 38. Qxd4 Qxa5 39. exf6 Qc7+ 40.
g3 gxf6 41. Qd2 Qc5 42. Nd4 Nc7 43. Ba4+ Kf7 44. Bb3 Bd5 45. Bxd5 Nxd5 46. Nf3
a5 47. Kg2 Kg7 48. Qe2 Qb6 49. Nh4 Ne7 50. Kg1 Qc6 51. Qg4+ Kh7 52. Qd4 Kg7 53.
Qd2 Qc5 54. Nf3 e5 55. Qe2 Nf5 56. Qe4 Nd4 57. Qb7+ Kg8 58. Qa8+ Kg7 59. Qb7+
Kg8 60. Qa8+ Kf7 61. Kg2 Nxf3 62. Qxf3 Qb4 63. Qd5+ Ke7 64. Qc6 a4 65. Qc7+ Ke6
66. Qc6+ Ke7 67. Qc7+ Ke6 68. Qc6+ Ke7 69. Qc7+ 1/2-1/2

[Event "43. Olimpiada Batumi 2018 Femenina"]
[Site "Batumi GEO"]
[Date "2018.09.30"]
[Round "6.3"]
[White "Munkhzul, Turmunkh"]
[Black "Cosma, Elena-Luminita"]
[Result "0-1"]
[WhiteElo "2149"]
[BlackElo "2328"]
[PlyCount "124"]
[EventDate "2018.09.24"]
[EventType "team-swiss"]
[EventRounds "11"]
[EventCountry "GEO"]
[SourceTitle "Ajedrez en Madrid"]
[Source "lmi"]
[SourceDate "2018.09.24"]
[WhiteTeam "Mongolia"]
[BlackTeam "Romania"]
[WhiteTeamCountry "MGL"]
[BlackTeamCountry "ROU"]

1. e4 e6 2. d4 d5 3. Nc3 Bb4 4. e5 c5 5. a3 Bxc3+ 6. bxc3 Qa5 7. Bd2 Qa4 8. Qg4
Kf8 9. Qd1 b6 10. Nf3 Ne7 11. Bd3 Ba6 12. Bxa6 Qxa6 13. Qe2 Qxe2+ 14. Kxe2 Nd7
15. Be3 Rc8 16. Kd3 Nc6 17. Rhb1 Na5 18. Nd2 Ke7 19. dxc5 Nxe5+ 20. Ke2 Nd7 21.
cxb6 axb6 22. Bxb6 Nxb6 23. Rxb6 Rxc3 24. Kd1 Ra8 25. a4 Ra7 26. Rb5 Kd6 27.
Nb3 Nc6 28. a5 Rc4 29. Kd2 Rc7 30. Rb6 Ra7 31. Rb5 Rc7 32. Rb6 Rb4 33. Rxb4
Nxb4 34. Nd4 Kc5 35. c3 Nc6 36. Nxc6 Kxc6 37. Rb1 Ra7 38. Rb6+ Kc7 39. Rb5 Kc6
40. Rb6+ Kc5 41. Kd3 e5 42. Rb8 f5 43. Rc8+ Kd6 44. Rd8+ Ke6 45. Re8+ Kf6 46.
Rf8+ Kg6 47. Re8 e4+ 48. Kd4 Rxa5 49. Re5 Ra2 50. Ke3 f4+ 51. Kxf4 Rxf2+ 52.
Ke3 Rxg2 53. Rxd5 Rxh2 54. Kxe4 h5 55. Rc5 Rf2 56. c4 h4 57. Ra5 h3 58. Ra3 h2
59. Rh3 Kg5 60. Rh7 Rf4+ 61. Ke5 Rh4 62. Rxg7+ Kh6 0-1

[Event "43. Olimpiada Batumi 2018 Femenina"]
[Site "Batumi GEO"]
[Date "2018.09.30"]
[Round "6.4"]
[White "Cosman, Andreea-Marioara"]
[Black "Batchimeg, Tuvshintugs"]
[Result "1-0"]
[WhiteElo "2157"]
[BlackElo "2367"]
[PlyCount "61"]
[EventDate "2018.09.24"]
[EventType "team-swiss"]
[EventRounds "11"]
[EventCountry "GEO"]
[SourceTitle "Ajedrez en Madrid"]
[Source "lmi"]
[SourceDate "2018.09.24"]
[WhiteTeam "Romania"]
[BlackTeam "Mongolia"]
[WhiteTeamCountry "ROU"]
[BlackTeamCountry "MGL"]

1. d4 e6 2. c4 f5 3. Nf3 Nf6 4. Nc3 b6 5. g3 Bb7 6. Bg2 Be7 7. O-O O-O 8. Qc2
Qc8 9. Rd1 Ne4 10. d5 Nxc3 11. Qxc3 Bf6 12. Qc2 Na6 13. Be3 c5 14. a3 exd5 15.
cxd5 d6 16. Nd2 Qd7 17. Nc4 Nc7 18. Rac1 Rae8 19. b4 Ba6 20. Nxd6 Rxe3 21. fxe3
Bg5 22. Nc4 Bxc4 23. d6 Bxe3+ 24. Kh1 Be6 25. dxc7 Qxc7 26. bxc5 bxc5 27. Rb1
f4 28. Qe4 Bc8 29. Rb3 Bd4 30. gxf4 Rxf4 31. Qe8+ 1-0

[Event "43. Olimpiada Batumi 2018 Femenina"]
[Site "Batumi GEO"]
[Date "2018.09.30"]
[Round "6.1"]
[White "Peng, Zhaoqin"]
[Black "Berend, Elvira"]
[Result "1/2-1/2"]
[WhiteElo "2367"]
[BlackElo "2300"]
[PlyCount "82"]
[EventDate "2018.09.24"]
[EventType "team-swiss"]
[EventRounds "11"]
[EventCountry "GEO"]
[SourceTitle "Ajedrez en Madrid"]
[Source "lmi"]
[SourceDate "2018.09.24"]
[WhiteTeam "Netherlands"]
[BlackTeam "Luxembourg"]
[WhiteTeamCountry "NED"]
[BlackTeamCountry "LUX"]

1. c4 e5 2. Nc3 Nc6 3. Nf3 d6 4. d4 Bd7 5. e4 Bg4 6. d5 Nd4 7. Be2 Bxf3 8. Bxf3
Be7 9. Be3 Nxf3+ 10. Qxf3 Nf6 11. O-O O-O 12. Rac1 Nd7 13. Qg4 Kh8 14. Rfd1 a6
15. b4 Qe8 16. a3 Nf6 17. Qe2 Nd7 18. Qb2 b6 19. Qc2 Qd8 20. Na4 Bg5 21. Rd3 f5
22. exf5 Rxf5 23. Nc3 Bxe3 24. Rxe3 Rf4 25. Ne4 h6 26. g3 Rf8 27. c5 bxc5 28.
bxc5 Nf6 29. Nxf6 Qxf6 30. Rb1 dxc5 31. Rc3 c6 32. dxc6 Qxc6 33. Rxc5 Qf3 34.
Rb3 Qf6 35. Rc6 Qf5 36. Qe2 Qd7 37. Rbb6 a5 38. Qh5 Qf5 39. Qxf5 Rxf5 40. a4
Rd8 41. Rd6 Rc8 1/2-1/2

[Event "43. Olimpiada Batumi 2018 Femenina"]
[Site "Batumi GEO"]
[Date "2018.09.30"]
[Round "6.2"]
[White "Aghabekian, Liana"]
[Black "Haast, Anne"]
[Result "1/2-1/2"]
[WhiteElo "2188"]
[BlackElo "2345"]
[PlyCount "105"]
[EventDate "2018.09.24"]
[EventType "team-swiss"]
[EventRounds "11"]
[EventCountry "GEO"]
[SourceTitle "Ajedrez en Madrid"]
[Source "lmi"]
[SourceDate "2018.09.24"]
[WhiteTeam "Luxembourg"]
[BlackTeam "Netherlands"]
[WhiteTeamCountry "LUX"]
[BlackTeamCountry "NED"]

1. e4 c5 2. Nf3 e6 3. d4 cxd4 4. Nxd4 Nc6 5. Nc3 a6 6. Be3 Nf6 7. f3 d5 8. Qd2
Bb4 9. O-O-O Qa5 10. Bg5 dxe4 11. Bxf6 gxf6 12. Nxc6 bxc6 13. fxe4 Rb8 14. Bc4
Rg8 15. g3 Rg5 16. Qf4 Qe5 17. Rhf1 Ke7 18. Ne2 Qxf4+ 19. Rxf4 Bd6 20. Rh4 h5
21. Nd4 Rb6 22. Be2 c5 23. Nb3 Bb7 24. Na5 Be5 25. c3 Ba8 26. Bxh5 Rb8 27. Be2
Bc7 28. Nb3 a5 29. Nd2 f5 30. Nf3 Rg4 31. exf5 Bxf3 32. Bxf3 Rxh4 33. gxh4 Bxh2
34. fxe6 fxe6 35. h5 Rf8 36. Be2 Rf2 37. Bd3 Bf4+ 38. Kb1 Rh2 39. Bg6 Be5 40.
Re1 Kd6 41. Re4 Kd5 42. Ra4 Bc7 43. a3 c4 44. Bf7 Bb6 45. Bg6 Kc5 46. Be8 Rh1+
47. Ka2 Rh2 48. Bd7 Rxh5 49. Bxe6 Rh4 50. Kb1 Bd8 51. Kc2 Re4 52. b4+ cxb3+ 53.
Bxb3 1/2-1/2

[Event "43. Olimpiada Batumi 2018 Femenina"]
[Site "Batumi GEO"]
[Date "2018.09.30"]
[Round "6.3"]
[White "Paulet, Iozefina"]
[Black "Steil-Antoni, Fiona"]
[Result "1-0"]
[WhiteElo "2275"]
[BlackElo "2143"]
[PlyCount "95"]
[EventDate "2018.09.24"]
[EventType "team-swiss"]
[EventRounds "11"]
[EventCountry "GEO"]
[SourceTitle "Ajedrez en Madrid"]
[Source "lmi"]
[SourceDate "2018.09.24"]
[WhiteTeam "Netherlands"]
[BlackTeam "Luxembourg"]
[WhiteTeamCountry "NED"]
[BlackTeamCountry "LUX"]

1. e4 e5 2. Nf3 Nc6 3. Bc4 Bc5 4. O-O Nf6 5. d3 d6 6. c3 a6 7. Bb3 h6 8. Re1
O-O 9. Nbd2 Ba7 10. h3 Nh5 11. Nf1 Qf6 12. Be3 Nf4 13. Bxf4 exf4 14. d4 g5 15.
N1h2 h5 16. e5 Qh6 17. exd6 cxd6 18. h4 g4 19. Ng5 Kg7 20. Qd2 Bb8 21. Bd5 Qf6
22. Qc2 Bf5 23. Qb3 Nd8 24. Re2 Ra7 25. Rae1 b5 26. a4 Bd3 27. Rd2 Bg6 28. axb5
Re7 29. Rxe7 Qxe7 30. bxa6 Qe1+ 31. Nf1 Re8 32. Rd1 Qe2 33. Bc4 Bc2 34. Re1
Bxb3 35. Rxe2 Rxe2 36. Bxe2 d5 37. Bd3 f6 38. Nh7 Bc4 39. Bxc4 dxc4 40. Nd2 Ne6
41. Ne4 Kxh7 42. Nxf6+ Kg6 43. Nd7 Ba7 44. Ne5+ Kf5 45. Nxc4 Nxd4 46. cxd4 Bxd4
47. Kf1 g3 48. f3 1-0

[Event "43. Olimpiada Batumi 2018 Femenina"]
[Site "Batumi GEO"]
[Date "2018.09.30"]
[Round "6.4"]
[White "Bakalarz, Grazyna"]
[Black "Ratsma, Rosa"]
[Result "0-1"]
[WhiteElo "1849"]
[BlackElo "2260"]
[PlyCount "92"]
[EventDate "2018.09.24"]
[EventType "team-swiss"]
[EventRounds "11"]
[EventCountry "GEO"]
[SourceTitle "Ajedrez en Madrid"]
[Source "lmi"]
[SourceDate "2018.09.24"]
[WhiteTeam "Luxembourg"]
[BlackTeam "Netherlands"]
[WhiteTeamCountry "LUX"]
[BlackTeamCountry "NED"]

1. d4 Nf6 2. Nf3 d5 3. c4 e6 4. Nc3 dxc4 5. a4 Bb4 6. Bg5 h6 7. Bxf6 Qxf6 8. e3
O-O 9. Bxc4 b6 10. O-O Bb7 11. Be2 Nd7 12. Qb3 a5 13. Rfd1 Rad8 14. Rac1 g5 15.
Nd2 Qe7 16. Bf3 Bxf3 17. Nxf3 g4 18. Ne1 Nf6 19. Nd3 Bd6 20. Qb5 Bb4 21. Ne5
Qd6 22. Qe2 Bxc3 23. Rxc3 c5 24. Nxg4 Nxg4 25. Qxg4+ Kh7 26. Qe4+ f5 27. Qc2 e5
28. d5 Qg6 29. Rb3 Rd6 30. Qc3 Rg8 31. g3 Qg4 32. Qc2 e4 33. Rd2 Rgd8 34. Qc4
h5 35. h4 Rg8 36. Kh2 Qg7 37. Rb5 Qe5 38. Qb3 Rgg6 39. Qd1 Rg4 40. Qb3 Rdg6 41.
d6 Rxg3 42. Qf7+ Rg7 43. Qxh5+ Kg8 44. Qe8+ Qxe8 45. fxg3 Qe5 46. d7 Qxg3+ 0-1

[Event "43. Olimpiada Batumi 2018 Femenina"]
[Site "Batumi GEO"]
[Date "2018.09.30"]
[Round "6.1"]
[White "Cori T., Deysi"]
[Black "Atalik, Ekaterina"]
[Result "1/2-1/2"]
[WhiteElo "2391"]
[BlackElo "2447"]
[PlyCount "90"]
[EventDate "2018.09.24"]
[EventType "team-swiss"]
[EventRounds "11"]
[EventCountry "GEO"]
[SourceTitle "Ajedrez en Madrid"]
[Source "lmi"]
[SourceDate "2018.09.24"]
[WhiteTeam "Peru"]
[BlackTeam "Turkey"]
[WhiteTeamCountry "PER"]
[BlackTeamCountry "TUR"]

1. d4 d5 2. Nf3 Nf6 3. c4 dxc4 4. e3 b5 5. a4 b4 6. Bxc4 e6 7. Qe2 Be7 8. O-O
O-O 9. Nbd2 Bb7 10. a5 c5 11. a6 Bc6 12. Nb3 Nbd7 13. Na5 Be4 14. Nd2 Qc7 15.
Nxe4 Nxe4 16. Bd3 Nef6 17. Bd2 cxd4 18. Rfc1 Qb6 19. Rc6 Qd8 20. Nb7 Qb8 21.
exd4 Nb6 22. Rac1 Nfd5 23. Qe4 g6 24. h4 Rc8 25. h5 Rxc6 26. Rxc6 Qe8 27. Bb5
Qf8 28. hxg6 hxg6 29. Nc5 Qg7 30. Nd3 Rd8 31. Be3 Nc8 32. Bc4 Nd6 33. Qf3 Nxe3
34. fxe3 Qh6 35. Ne5 Rf8 36. Bd3 Nf5 37. Bxf5 exf5 38. Rc7 Bg5 39. Kf1 Bxe3 40.
Nxf7 Rxf7 41. Qa8+ Rf8 42. Qd5+ Kh8 43. Qe5+ Kg8 44. Qe6+ Kh8 45. Qe5+ Kg8
1/2-1/2

[Event "43. Olimpiada Batumi 2018 Femenina"]
[Site "Batumi GEO"]
[Date "2018.09.30"]
[Round "6.2"]
[White "Ozturk, Kubra"]
[Black "Paredes Bustamante, Paula Elizab"]
[Result "1/2-1/2"]
[WhiteElo "2345"]
[BlackElo "2151"]
[PlyCount "92"]
[EventDate "2018.09.24"]
[EventType "team-swiss"]
[EventRounds "11"]
[EventCountry "GEO"]
[SourceTitle "Ajedrez en Madrid"]
[Source "lmi"]
[SourceDate "2018.09.24"]
[WhiteTeam "Turkey"]
[BlackTeam "Peru"]
[WhiteTeamCountry "TUR"]
[BlackTeamCountry "PER"]

1. d4 d5 2. c4 e6 3. Nf3 Nf6 4. Nc3 Nc6 5. Bg5 Bb4 6. Rc1 h6 7. Bxf6 Qxf6 8. a3
Bxc3+ 9. Rxc3 O-O 10. e3 Rd8 11. Qc2 e5 12. dxe5 Nxe5 13. Nxe5 Qxe5 14. f4 Qe7
15. cxd5 Rxd5 16. Bc4 Bf5 17. Qb3 Rd6 18. O-O Rad8 19. Qb5 Bd3 20. Qe5 Kf8 21.
Bxd3 Rxd3 22. Rxc7 R8d7 23. Rxd7 Qxd7 24. Qb8+ Qe8 25. Qxa7 Qe4 26. Qb8+ Ke7
27. Qc7+ Kf6 28. Qb6+ Kf5 29. Qc5+ Kg4 30. Qc8+ f5 31. Qc7 g6 32. Qg7 Kh5 33.
Qe5 Qxe5 34. fxe5 Rxe3 35. Rf4 Rxe5 36. a4 b5 37. a5 b4 38. Rxb4 Rxa5 39. Rb6
g5 40. Kf2 Ra1 41. h3 Rb1 42. b3 f4 43. b4 Rb2+ 44. Kf3 Rb3+ 45. Kf2 Rb2+ 46.
Kf3 Rb3+ 1/2-1/2